| 000 | 00801nam a2200241Ia 4500 | ||
|---|---|---|---|
| 008 | 191130s2006##################000#0#eng## | ||
| 020 | _a9780230006898 | ||
| 022 | _a2006045373 | ||
| 040 |
_aACL _cACL |
||
| 082 | _a338.74 STE | ||
| 245 |
_aInside the mind of the stakeholder : the hype behind stakeholder pressure _cedited by Ulrich Steger |
||
| 260 |
_aBasingstoke, Hampshire _bPalgrave Macmillan _c2006 |
||
| 300 | _axxxi, 318 p. : ill. ; 23 cm | ||
| 500 | _aIncludes bibliographical references and index | ||
| 650 | _aCorporations - Public relations | ||
| 650 | _aPressure groups | ||
| 650 | _aSocial responsibility of business | ||
| 650 | _aSustainable development | ||
| 700 | _aSteger, Ulrich | ||
| 990 | _aed49efceac10000c4ae0bfa9c973137a | ||
| 991 | _a251046 | ||
| 999 |
_c215913 _d215913 |
||